The Concept of Legislation in European Community Law : (Record no. 618802)

MARC details
000 -LEADER
fixed length control field 00534nam a2200193 a 4500
008 - FIXED-LENGTH DATA ELEMENTS--GENERAL INFORMATION
fixed length control field 260407s2006##################000#0#eng##
020 ## - INTERNATIONAL STANDARD BOOK NUMBER
ISBN 9789041124722
082 04 - DEWEY DECIMAL CLASSIFICATION NUMBER
Classification number 340.1094
Item number TUR
100 1# - MAIN ENTRY--AUTHOR NAME
Personal name Türk, Alexander,
245 10 - TITLE STATEMENT
Title The Concept of Legislation in European Community Law :
260 ## - PUBLICATION, DISTRIBUTION, ETC. (IMPRINT)
Name of publisher Kluwer Law International B.V.,
Year of publication 2006.
300 ## - PHYSICAL DESCRIPTION
Number of Pages 294 pages
650 #0 - SUBJECT ADDED ENTRY--TOPICAL TERM
Topical Term Law.
942 ## - ADDED ENTRY ELEMENTS (KOHA)
Koha item type English Books
Holdings
Withdrawn status Lost status Damaged status Not for loan Home library Current library Shelving location Date acquired Full call number Accession Number Price effective from Koha item type
        Anna Centenary Library Anna Centenary Library 4TH FLOOR, A WING 07.04.2026 340.1094 TUR 441810 07.04.2026 English Books

Find us on the map